[Event "Junior Online 4NCL Division 2"]
[Site "online"]
[Date "2020.06.04"]
[Round "8.48"]
[White "Aserkoff, Daniel"]
[Black "Pasha, Farhaan"]
[Result "1-0"]
[WhiteElo "1562"]
[BlackElo "1382"]
[PlyCount "85"]
[EventDate "2020.06.04"]
[WhiteTeam "Hammersmith 1"]
[BlackTeam "Hallfield School A"]

1. e4 e5 2. Nf3 Nc6 3. d4 d6 4. dxe5 dxe5 5. Qxd8+ Nxd8 6. Nxe5 Nf6 7. f3 Bd6
8. Nc4 Nd7 9. Nxd6+ cxd6 10. Bb5 O-O 11. Nc3 Nc5 12. Be3 Re8 13. Bxe8 Nce6 14.
Ba4 a6 15. Bb3 Nc6 16. Bxe6 Bxe6 17. O-O-O Rd8 18. Bf4 Nb4 19. Rxd6 Re8 20. Nd5
Nxa2+ 21. Kb1 Bxd5 22. Rxd5 Nb4 23. Rd4 Nc6 24. Rd2 Rc8 25. Rhd1 h6 26. Rd7 b5
27. Rc7 Ra8 28. Rxc6 a5 29. Rb6 a4 30. Rb8+ Rxb8 31. Bxb8 Kh7 32. Rd5 f6 33.
Rxb5 h5 34. c3 Kg6 35. c4 Kf7 36. Rd5 g6 37. c5 Ke6 38. c6 g5 39. c7 h4 40.
c8=Q+ Kf7 41. Rd7+ Kg6 42. Qg8+ Kh5 43. Qh7# 1-0

[Event "Junior Online 4NCL Division 2"]
[Site "online"]
[Date "2020.06.04"]
[Round "8.51"]
[White "Shah, Kian"]
[Black "Murawski, Jan"]
[Result "1-0"]
[WhiteElo "1870"]
[BlackElo "1630"]
[PlyCount "119"]
[EventDate "2020.06.04"]
[WhiteTeam "Harrow Juniors A"]
[BlackTeam "Ojays C"]

1. e4 c5 2. Nf3 d6 3. d4 cxd4 4. Nxd4 Nf6 5. Nc3 a6 6. Be3 e5 7. Nb3 Be7 8. f3
Be6 9. Nd5 Bxd5 10. exd5 Nbd7 11. c4 e4 12. Be2 exf3 13. Bxf3 Ne5 14. Be2 Ne4
15. O-O Bg5 16. Qc1 Bxe3+ 17. Qxe3 Nf6 18. Nd2 O-O 19. b3 Re8 20. Qc3 Qb6+ 21.
Kh1 Neg4 22. Bxg4 Nxg4 23. Qg3 Ne3 24. Rf3 Qd4 25. Re1 Nc2 26. Rd1 Ne3 27. Re1
Qxd2 28. Rfxe3 Rxe3 29. Qxe3 Qxe3 30. Rxe3 Kf8 31. Kg1 b5 32. Kf2 Rc8 33. Rc3
Ke7 34. Ke3 Kf6 35. Kd4 Rc5 36. cxb5 Rxc3 37. Kxc3 axb5 38. Kb4 Ke7 39. Kxb5
Kd7 40. Kb6 f5 41. h4 g6 42. Kb7 h6 43. a4 g5 44. hxg5 hxg5 45. a5 f4 46. a6 g4
47. a7 f3 48. gxf3 gxf3 49. a8=Q f2 50. Qc8+ Ke7 51. Qc1 Kf6 52. Qf4+ Kg7 53.
Qxf2 Kh8 54. Qg3 Kh7 55. Kc7 Kh6 56. Kd7 Kh5 57. Ke7 Kh6 58. Kf7 Kh5 59. Kf6
Kh6 60. Qh4# 1-0

[Event "Junior Online 4NCL Division 2"]
[Site "online"]
[Date "2020.06.04"]
[Round "8.52"]
[White "Beneat, Frederick"]
[Black "Balasundaram, Sivasatyan"]
[Result "0-1"]
[WhiteElo "1592"]
[BlackElo "1757"]
[PlyCount "58"]
[EventDate "2020.06.04"]
[WhiteTeam "Ojays C"]
[BlackTeam "Harrow Juniors A"]

1. c4 e5 2. e3 Nf6 3. d4 exd4 4. exd4 c6 5. Nc3 d5 6. c5 Bf5 7. Be3 Na6 8. Bxa6
bxa6 9. b4 Rb8 10. a3 a5 11. Bd2 axb4 12. axb4 Qc7 13. Nce2 Qb7 14. Nf3 Ne4 15.
O-O Nxd2 16. Qxd2 g6 17. Rfe1 Be6 18. Ng5 Bh6 19. Qf4 O-O 20. Qh4 Bxg5 21. Qxg5
f6 22. Qg3 Bf7 23. Nf4 Kh8 24. Ne6 Bxe6 25. Rxe6 Rbe8 26. Rxe8 Rxe8 27. f3 Qxb4
28. h4 Qxd4+ 29. Kh2 Qxa1 0-1

[Event "Junior Online 4NCL Division 2"]
[Site "online"]
[Date "2020.06.04"]
[Round "8.53"]
[White "Truscott, Philip E"]
[Black "Macabenta, Kei"]
[Result "1-0"]
[WhiteElo "1660"]
[BlackElo "1532"]
[PlyCount "111"]
[EventDate "2020.06.04"]
[WhiteTeam "Harrow Juniors A"]
[BlackTeam "Ojays C"]

1. d4 e6 2. Bf4 d5 3. Nf3 Nf6 4. e3 Nc6 5. Nbd2 Be7 6. c3 O-O 7. Bd3 Bd7 8. O-O
a6 9. Ng5 h6 10. Ngf3 Bd6 11. Bg3 Qe7 12. Qc2 Bxg3 13. fxg3 e5 14. Rae1 e4 15.
Ne5 exd3 16. Nxc6 Bxc6 17. Qxd3 Ne4 18. Nxe4 dxe4 19. Qc4 Qe6 20. Qxe6 fxe6 21.
Rf4 Rxf4 22. gxf4 Rf8 23. g3 g5 24. Rf1 Kg7 25. a3 Bb5 26. Rf2 b6 27. b3 c5 28.
fxg5 Rxf2 29. Kxf2 hxg5 30. h4 gxh4 31. gxh4 Kh6 32. Kg3 cxd4 33. cxd4 Bd3 34.
Kf4 Kh5 35. Ke5 Kxh4 36. Kxe6 Kg3 37. d5 Kg4 38. a4 b5 39. d6 bxa4 40. bxa4
Bc4+ 41. Ke7 Kg3 42. d7 Kf3 43. d8=Q Kxe3 44. Qb6+ Kf3 45. Qf6+ Ke2 46. Qb2+
Kd3 47. Qb1+ Kd4 48. Qd1+ Ke5 49. Qd6+ Kf5 50. Qc5+ Kf4 51. Qxc4 Kf3 52. Qxa6
e3 53. Qc4 Kf2 54. a5 e2 55. Qxe2+ Kxe2 56. a6 1-0

[Event "Junior Online 4NCL Division 2"]
[Site "online"]
[Date "2020.06.04"]
[Round "8.54"]
[White "Domingo, Marco"]
[Black "Khanna, Pranav"]
[Result "0-1"]
[WhiteElo "1547"]
[BlackElo "1607"]
[PlyCount "58"]
[EventDate "2020.06.04"]
[WhiteTeam "Ojays C"]
[BlackTeam "Harrow Juniors A"]

1. e4 e5 2. f4 Bc5 3. Nf3 d6 4. c3 Bg4 5. Be2 Bxf3 6. Bxf3 exf4 7. d4 Bb6 8.
Bxf4 Nd7 9. Nd2 Ngf6 10. O-O O-O 11. Nc4 Re8 12. Nxb6 Nxb6 13. Re1 Qd7 14. Bg5
Qe6 15. Qc2 h6 16. Bxf6 Qxf6 17. Re2 Qg5 18. Rae1 Re7 19. e5 dxe5 20. Rxe5 Rxe5
21. Rxe5 Qf4 22. Qe2 c6 23. Re8+ Rxe8 24. Qxe8+ Kh7 25. Be4+ g6 26. Qxf7+ Qxf7
27. Bxg6+ Qxg6 28. Kf2 Qc2+ 29. Kg3 Qxb2 0-1

[Event "Junior Online 4NCL Division 2"]
[Site "online"]
[Date "2020.06.04"]
[Round "8.55"]
[White "Murawski, Jan"]
[Black "Shah, Kian"]
[Result "0-1"]
[WhiteElo "1630"]
[BlackElo "1870"]
[PlyCount "70"]
[EventDate "2020.06.04"]
[WhiteTeam "Ojays C"]
[BlackTeam "Harrow Juniors A"]

1. d4 Nf6 2. c4 c5 3. d5 e6 4. Nc3 exd5 5. Nxd5 Nxd5 6. cxd5 d6 7. Nf3 g6 8.
Bg5 Qa5+ 9. Bd2 Qc7 10. Bc3 Rg8 11. g3 Bg7 12. Bxg7 Rxg7 13. Bg2 Bg4 14. O-O
Nd7 15. Qb3 O-O-O 16. Qc3 Rgg8 17. Qc4 Bxf3 18. Bxf3 Ne5 19. Qe4 f5 20. Qf4
Rdf8 21. a4 g5 22. Qe3 f4 23. Qc3 fxg3 24. hxg3 Nxf3+ 25. exf3 Qf7 26. Qa5 Qxd5
27. Qxa7 Qxf3 28. Qa8+ Kd7 29. Qa5 Rf4 30. Qb5+ Kc8 31. Qa5 Rh4 32. Qa8+ Kd7
33. Qxb7+ Qxb7 34. gxh4 gxh4+ 35. Kh2 Qg2# 0-1

[Event "Junior Online 4NCL Division 2"]
[Site "online"]
[Date "2020.06.04"]
[Round "8.56"]
[White "Balasundaram, Sivasatyan"]
[Black "Beneat, Frederick"]
[Result "1/2-1/2"]
[WhiteElo "1757"]
[BlackElo "1592"]
[PlyCount "143"]
[EventDate "2020.06.04"]
[WhiteTeam "Harrow Juniors A"]
[BlackTeam "Ojays C"]

1. d4 d5 2. c4 e6 3. Nc3 Nf6 4. Bf4 c5 5. e3 Be7 6. Nf3 O-O 7. Be2 Nc6 8. O-O
b6 9. Rc1 Bb7 10. cxd5 exd5 11. Qd2 cxd4 12. Nxd4 Nxd4 13. exd4 Bd6 14. Bxd6
Qxd6 15. Bf3 Rad8 16. Rfe1 Rfe8 17. Nb5 Qd7 18. Rc7 Qxb5 19. Rxb7 Rxe1+ 20.
Qxe1 Qxb2 21. Rxa7 Qxd4 22. g3 b5 23. Qe7 Rf8 24. Qb7 Qd3 25. Kg2 Qc4 26. Ra5
h6 27. Rxb5 Qxa2 28. Bxd5 Qd2 29. Bf3 g5 30. Rb6 Qd8 31. Qc6 Nd7 32. Rb5 Nf6
33. Rf5 Nh7 34. Qxh6 Qe7 35. Rd5 Qe6 36. Qh3 Qxh3+ 37. Kxh3 f6 38. Be4 g4+ 39.
Kxg4 Ng5 40. Bf5 Ra8 41. f4 Nf7 42. Rd7 Nh6+ 43. Kh5 Nxf5 44. Kg6 Ne3 45. Kxf6
Ng4+ 46. Kg5 Nxh2 47. f5 Nf3+ 48. Kf4 Ne1 49. g4 Ng2+ 50. Kg3 Ne3 51. Kf3 Ra3
52. Kf4 Ng2+ 53. Kg5 Ra5 54. Kf6 Ne3 55. Rg7+ Kf8 56. Rg6 Nd5+ 57. Kg5 Ne7 58.
Rf6+ Kg8 59. Re6 Nd5 60. Rd6 Ne3 61. Rd7 Nc4 62. Kf6 Ne5 63. Rd8+ Kh7 64. g5
Ng4+ 65. Ke6 Re5+ 66. Kd6 Rxf5 67. Rd7+ Kg8 68. Ke6 Rxg5 69. Rd8+ Kh7 70. Rd7+
Kg6 71. Rd5 Rxd5 72. Kxd5 1/2-1/2

[Event "Junior Online 4NCL Division 2"]
[Site "online"]
[Date "2020.06.04"]
[Round "8.57"]
[White "Macabenta, Kei"]
[Black "Truscott, Philip E"]
[Result "0-1"]
[WhiteElo "1532"]
[BlackElo "1660"]
[PlyCount "84"]
[EventDate "2020.06.04"]
[WhiteTeam "Ojays C"]
[BlackTeam "Harrow Juniors A"]

1. e4 c5 2. Nf3 d6 3. c3 b6 4. Bc4 Bb7 5. Qe2 Nf6 6. e5 Ng4 7. exd6 Qxd6 8.
Bxf7+ Kxf7 9. Qc4+ Qe6+ 10. Qxe6+ Kxe6 11. Ng5+ Kd7 12. O-O h5 13. Nf7 Rh7 14.
Ng5 Rh8 15. Nf7 Rh7 16. Ng5 Rh6 17. d4 Rg6 18. Rd1 Kc7 19. Bf4+ Kc8 20. dxc5
bxc5 21. Nf7 Bxg2 22. Rd8+ Kb7 23. Rxf8 Bd5 24. Kf1 Rf6 25. Bg5 Rxf7 26. Rxf7
Bxf7 27. Bxe7 Nc6 28. Bxc5 Nxh2+ 29. Kg2 Ng4 30. Nd2 Rd8 31. Ne4 Bd5 32. f3
Bxe4 33. fxe4 Rd2+ 34. Kf3 Rxb2 35. Bf8 g6 36. Ba3 Rf2+ 37. Kg3 Nce5 38. Rb1+
Kc6 39. Rd1 Rf3+ 40. Kg2 Rxc3 41. Rd6+ Kb5 42. Bb2 Rc2+ 0-1

[Event "Junior Online 4NCL Division 2"]
[Site "online"]
[Date "2020.06.04"]
[Round "8.58"]
[White "Khanna, Pranav"]
[Black "Domingo, Marco"]
[Result "1-0"]
[WhiteElo "1607"]
[BlackElo "1547"]
[PlyCount "129"]
[EventDate "2020.06.04"]
[WhiteTeam "Harrow Juniors A"]
[BlackTeam "Ojays C"]

1. e4 e6 2. d4 d5 3. e5 c5 4. c3 Nc6 5. Nf3 Qb6 6. Bd3 Bd7 7. Qb3 cxd4 8. Qxb6
axb6 9. cxd4 Nge7 10. O-O Ng6 11. Nc3 Bb4 12. Nb5 O-O 13. a3 Be7 14. Bg5 Bxg5
15. Nxg5 Rac8 16. Bxg6 fxg6 17. Nd6 Rb8 18. Nf3 Rf4 19. Rad1 g5 20. Rd3 g4 21.
Nd2 Rxd4 22. Rxd4 Nxd4 23. f3 gxf3 24. Nxf3 Nxf3+ 25. Rxf3 Bc6 26. Rf7 Rf8 27.
Rc7 Rb8 28. Re7 Kf8 29. Rxe6 g6 30. Rf6+ Ke7 31. Kf2 Rf8 32. Rxf8 Kxf8 33. Ke3
Ke7 34. g3 Ke6 35. Kd4 h5 36. b3 g5 37. b4 b5 38. h3 Ke7 39. Kc5 Ke6 40. Kb6
Kxe5 41. Nxb7 Kd4 42. Nd6 Be8 43. Nxb5+ Kc4 44. Nd6+ Kb3 45. Nxe8 Kxa3 46. b5
Kb4 47. Nf6 d4 48. Kc6 d3 49. Ne4 Kc4 50. b6 Kd4 51. Nd2 Ke3 52. Nb3 d2 53.
Nxd2 Kxd2 54. b7 Ke3 55. b8=Q Kf3 56. Qb3+ Ke4 57. Qc4+ Kf3 58. g4 Kg3 59. gxh5
Kxh3 60. Qe4 g4 61. h6 g3 62. Qf5+ Kh2 63. Qg4 g2 64. h7 g1=Q 65. h8=Q# 1-0

[Event "Junior Online 4NCL Division 2"]
[Site "online"]
[Date "2020.06.04"]
[Round "8.61"]
[White "Shek, Daniel"]
[Black "Saunders, Aron"]
[Result "0-1"]
[WhiteElo "1727"]
[BlackElo "1765"]
[PlyCount "70"]
[EventDate "2020.06.04"]
[WhiteTeam "Marshall Artists"]
[BlackTeam "Downend Upstarts"]

1. d4 Nf6 2. c4 g6 3. Nc3 d5 4. cxd5 Nxd5 5. e4 Nxc3 6. bxc3 Bg7 7. Be3 c5 8.
Nf3 Nc6 9. Bb5 O-O 10. Bxc6 bxc6 11. O-O Qc7 12. Qc2 c4 13. Rab1 Bg4 14. Nd2
Be2 15. Rb2 Bxf1 16. Nxf1 Rab8 17. Nd2 Rxb2 18. Qxb2 Rb8 19. Qc2 Qb7 20. g3 Qb2
21. Qxb2 Rxb2 22. Nxc4 Rxa2 23. Kf1 Kf8 24. Bd2 Ke8 25. Ke2 Kd7 26. Kd3 a5 27.
d5 a4 28. f4 Ra1 29. Kc2 cxd5 30. exd5 Rh1 31. Ne5+ Bxe5 32. fxe5 Rxh2 33. c4
a3 34. Kd3 Rxd2+ 35. Kxd2 a2 0-1

[Event "Junior Online 4NCL Division 2"]
[Site "online"]
[Date "2020.06.04"]
[Round "8.62"]
[White "Goodhew, Finn"]
[Black "Hamilton, Melissa"]
[Result "0-1"]
[WhiteElo "1562"]
[BlackElo "1667"]
[PlyCount "188"]
[EventDate "2020.06.04"]
[WhiteTeam "Downend Upstarts"]
[BlackTeam "Marshall Artists"]

1. d4 d5 2. c4 e6 3. Nc3 Nf6 4. Nf3 h6 5. Bf4 a6 6. Rc1 Nc6 7. e3 Be7 8. cxd5
exd5 9. h3 O-O 10. Bd3 Bd6 11. Bxd6 Qxd6 12. a3 Re8 13. O-O Ne4 14. Qb3 Nxc3
15. Rxc3 Rb8 16. Rfc1 Bd7 17. Rc5 Be6 18. Qc2 Bd7 19. Bf5 Bxf5 20. Qxf5 Ne7 21.
Qe5 Qxe5 22. Nxe5 c6 23. b4 Nf5 24. a4 Nd6 25. b5 axb5 26. axb5 Nxb5 27. g3 Nd6
28. Rb1 Ne4 29. Rc2 Red8 30. Rcb2 Nd6 31. Nxc6 Rdc8 32. Nxb8 Rxb8 33. Rb6 Rd8
34. Kg2 Kf8 35. f3 Ke7 36. g4 g6 37. Kg3 Ke6 38. Ra1 Rd7 39. Ra8 Ke7 40. Rh8
Nc4 41. Rb3 Nd2 42. Rd3 Nc4 43. Rxh6 b5 44. Rb3 Rb7 45. h4 b4 46. h5 gxh5 47.
Rxh5 Na5 48. Rb1 Ke6 49. Rh6+ Ke7 50. Ra6 Rb5 51. Kf4 b3 52. Ke5 Nc4+ 53. Kf4
Rb7 54. Rh6 Na3 55. Rd1 b2 56. Rhh1 b1=Q 57. Rxb1 Nxb1 58. Rc1 Nd2 59. Rc2 Nc4
60. e4 Kd6 61. e5+ Ke6 62. Kg5 Rb8 63. f4 Rg8+ 64. Kh4 Ne3 65. f5+ Ke7 66. Rc7+
Kf8 67. Rc8+ Kg7 68. f6+ Kh7 69. Rxg8 Kxg8 70. Kg5 Nc2 71. e6 fxe6 72. Kg6 Nxd4
73. f7+ Kf8 74. Kf6 Nf3 75. Kxe6 d4 76. Kf6 d3 77. g5 Nxg5 78. Kxg5 d2 79. Kf4
d1=Q 80. Ke5 Kxf7 81. Ke4 Qa4+ 82. Ke5 Ke7 83. Kd5 Qb5+ 84. Ke4 Ke6 85. Kd4
Qd5+ 86. Ke3 Qc4 87. Kf3 Kf5 88. Ke3 Qe4+ 89. Kd2 Qf3 90. Kc2 Ke4 91. Kd2 Qd3+
92. Kc1 Qe2 93. Kb1 Kd3 94. Ka1 Kc3 0-1

[Event "Junior Online 4NCL Division 2"]
[Site "online"]
[Date "2020.06.04"]
[Round "8.63"]
[White "Deacon, Nicholas"]
[Black "Ahmed, Bilal"]
[Result "0-1"]
[WhiteElo "1412"]
[BlackElo "1570"]
[PlyCount "96"]
[EventDate "2020.06.04"]
[WhiteTeam "Marshall Artists"]
[BlackTeam "Downend Upstarts"]

1. d4 Nf6 2. c4 g6 3. Nc3 Bg7 4. e4 d6 5. Be3 O-O 6. Nf3 e5 7. d5 a5 8. Bd3
Nbd7 9. O-O b6 10. Qc2 Nc5 11. Bxc5 bxc5 12. a3 Bd7 13. Rab1 a4 14. Nd2 Ne8 15.
b3 axb3 16. Rxb3 f5 17. f3 f4 18. Rfb1 Nf6 19. Qb2 g5 20. Be2 g4 21. Nb5 g3 22.
h3 Ne8 23. Bd3 Qh4 24. Nc3 Rf6 25. Rb8 Rxb8 26. Qxb8 Kf8 27. Qd8 Bxh3 28. Rb8
Bd7 29. Qxd7 Qh2+ 30. Kf1 Qh1+ 31. Ke2 Qxg2+ 32. Kd1 Qh1+ 33. Kc2 Qh5 34. Qxc7
g2 35. Ne2 Qf7 36. Qxf7+ Kxf7 37. Rb1 Rg6 38. Rg1 h5 39. Kd1 h4 40. Ke1 h3 41.
Kf2 Bf6 42. Bc2 Bh4+ 43. Ng3 Bxg3+ 44. Ke2 Bh2 45. Re1 g1=Q 46. Rxg1 Bxg1 47.
Nf1 Rg2+ 48. Ke1 Rxc2 0-1

[Event "Junior Online 4NCL Division 2"]
[Site "online"]
[Date "2020.06.04"]
[Round "8.64"]
[White "Mullaney, William"]
[Black "Blin, Henri"]
[Result "1-0"]
[WhiteElo "1600"]
[BlackElo "1232"]
[PlyCount "53"]
[EventDate "2020.06.04"]
[WhiteTeam "Downend Upstarts"]
[BlackTeam "Marshall Artists"]

1. d4 d5 2. Nc3 Nf6 3. Bf4 Bf5 4. e3 Nc6 5. a3 g6 6. Nf3 Bg7 7. Be2 e6 8. Nb5
Rc8 9. O-O O-O 10. Nc3 a6 11. Na4 Qd7 12. Nc5 Qe7 13. Nxb7 Rb8 14. Bxa6 Nd8 15.
Nxd8 Qxd8 16. b4 Ne4 17. c4 c6 18. Bxb8 Qxb8 19. cxd5 cxd5 20. Rc1 Qb6 21. b5
Nd6 22. Rc6 Qb8 23. Qb3 Ne4 24. Rfc1 Rd8 25. Rc8 Qd6 26. Rxd8+ Qxd8 27. Rc8 1-0

[Event "Junior Online 4NCL Division 2"]
[Site "online"]
[Date "2020.06.04"]
[Round "8.65"]
[White "Saunders, Aron"]
[Black "Shek, Daniel"]
[Result "1-0"]
[WhiteElo "1765"]
[BlackElo "1727"]
[PlyCount "97"]
[EventDate "2020.06.04"]
[WhiteTeam "Downend Upstarts"]
[BlackTeam "Marshall Artists"]

1. e4 c5 2. c3 Nc6 3. d4 cxd4 4. cxd4 d5 5. e5 e6 6. h3 Nge7 7. g4 Ng6 8. Nc3
Bb4 9. Be3 Ngxe5 10. dxe5 d4 11. Bxd4 Qxd4 12. Qxd4 Nxd4 13. O-O-O Bxc3 14.
bxc3 Nc6 15. f4 O-O 16. Nf3 b6 17. Bg2 Bb7 18. Nd4 Nxd4 19. Bxb7 Rab8 20. cxd4
Rxb7 21. d5 Rc8+ 22. Kb2 exd5 23. Rxd5 Rbc7 24. Rhd1 h6 25. Rd8+ Rxd8 26. Rxd8+
Kh7 27. f5 Rc5 28. e6 fxe6 29. fxe6 Re5 30. Rd7 Rxe6 31. Rxa7 Re3 32. h4 Rg3
33. Ra4 Rh3 34. h5 Rg3 35. Rb4 Kg8 36. Rxb6 Rxg4 37. Rb5 Rh4 38. Kb3 Kf7 39. a4
Ke6 40. a5 Kd6 41. a6 Kc7 42. a7 Rxh5 43. Rxh5 Kb7 44. Ra5 Ka8 45. Kb4 g5 46.
Kb5 g4 47. Ka6 g3 48. Rb5 g2 49. Rb8# 1-0

[Event "Junior Online 4NCL Division 2"]
[Site "online"]
[Date "2020.06.04"]
[Round "8.66"]
[White "Hamilton, Melissa"]
[Black "Goodhew, Finn"]
[Result "1/2-1/2"]
[WhiteElo "1667"]
[BlackElo "1562"]
[PlyCount "127"]
[EventDate "2020.06.04"]
[WhiteTeam "Marshall Artists"]
[BlackTeam "Downend Upstarts"]

1. d4 Nf6 2. c4 g6 3. e3 Bg7 4. Nc3 d5 5. Bd2 O-O 6. Nf3 c6 7. cxd5 cxd5 8. Be2
e6 9. O-O Bd7 10. Rc1 Nc6 11. Qb3 Qb6 12. Qxb6 axb6 13. a3 Rfc8 14. Nb5 Na5 15.
Ne5 Bc6 16. Nd6 Rc7 17. Rfe1 Bf8 18. Nb5 Rcc8 19. Nc3 Nb3 20. Rcd1 Be8 21. Bb5
Nxd2 22. Rxd2 Bxa3 23. Bxe8 Nxe8 24. bxa3 Rxc3 25. Rb2 Rcxa3 26. Rxb6 Ra1 27.
Kf1 Rxe1+ 28. Kxe1 Ra7 29. Nd7 Nc7 30. Nc5 Kg7 31. Nxb7 Ne8 32. Nc5 h5 33. h3
g5 34. Nd3 h4 35. Ke2 Nf6 36. Kf3 Kg6 37. Ne5+ Kf5 38. g3 hxg3 39. fxg3 Ne4 40.
g4+ Kf6 41. Rb2 Rc7 42. Rh2 Ke7 43. Nd3 Rc3 44. Nf2 Rc2 45. Rg2 Kf6 46. Nxe4+
dxe4+ 47. Kg3 Rc3 48. Rf2+ Kg6 49. Re2 Rd3 50. h4 gxh4+ 51. Kxh4 Rd1 52. Kg3
Kg5 53. Rg2 Rd3 54. Re2 Rd1 55. Rf2 f6 56. Rg2 Rf1 57. Kh3 Rh1+ 58. Kg3 Rf1 59.
Kh3 Rf3+ 60. Rg3 Rf2 61. Rg1 Re2 62. Rg3 Rf2 63. Rg1 Rf3+ 64. Rg3 1/2-1/2

[Event "Junior Online 4NCL Division 2"]
[Site "online"]
[Date "2020.06.04"]
[Round "8.67"]
[White "Ahmed, Bilal"]
[Black "Deacon, Nicholas"]
[Result "1/2-1/2"]
[WhiteElo "1570"]
[BlackElo "1412"]
[PlyCount "59"]
[EventDate "2020.06.04"]
[WhiteTeam "Downend Upstarts"]
[BlackTeam "Marshall Artists"]

1. e4 c5 2. Nf3 Nc6 3. d4 cxd4 4. Nxd4 g6 5. Nc3 Bg7 6. Be3 Nf6 7. Bc4 Qa5 8.
O-O O-O 9. Bb3 d6 10. h3 Bd7 11. Kh1 Rac8 12. Qd2 Nxe4 13. Qd3 Nxc3 14. bxc3
Nxd4 15. Bxd4 Bf5 16. Qe3 Bxd4 17. Qxd4 Rxc3 18. Rfe1 Bxc2 19. Bxc2 Rxc2 20.
Rxe7 Rd2 21. Qe3 Rxa2 22. Rxa2 Qxa2 23. Rxb7 Qa6 24. Rxa7 Qf1+ 25. Kh2 Qb5 26.
Re7 d5 27. Re5 Qb8 28. Kg1 Qb1+ 29. Kh2 Qb8 30. Kg1 1/2-1/2

[Event "Junior Online 4NCL Division 2"]
[Site "online"]
[Date "2020.06.04"]
[Round "8.68"]
[White "Blin, Henri"]
[Black "Mullaney, William"]
[Result "0-1"]
[WhiteElo "1232"]
[BlackElo "1600"]
[PlyCount "48"]
[EventDate "2020.06.04"]
[WhiteTeam "Marshall Artists"]
[BlackTeam "Downend Upstarts"]

1. e4 c5 2. Nf3 g6 3. d4 cxd4 4. Nxd4 Nc6 5. Nxc6 bxc6 6. Nc3 Bg7 7. Bg5 h6 8.
Bh4 Qa5 9. Qd2 Rb8 10. Rd1 Rxb2 11. Ne2 Qxd2+ 12. Rxd2 Rxa2 13. Rd3 Ba6 14. Rb3
d6 15. Rb8+ Kd7 16. Rb1 Rxc2 17. Nd4 Bxd4 18. Bxa6 Bb6 19. O-O g5 20. Bg3 h5
21. h3 Nh6 22. e5 Nf5 23. exd6 Nxg3 24. Rfe1 Bxf2+ 0-1

[Event "Junior Online 4NCL Division 2"]
[Site "online"]
[Date "2020.06.04"]
[Round "8.71"]
[White "Maton, Emily"]
[Black "Dasgupta, Avyukt"]
[Result "0-1"]
[WhiteElo "1675"]
[BlackElo "1585"]
[PlyCount "124"]
[EventDate "2020.06.04"]
[WhiteTeam "St Albans Early Knights 1"]
[BlackTeam "Watford 1"]

1. g3 d5 2. Nf3 c5 3. d4 cxd4 4. Nxd4 e5 5. Nf3 Nc6 6. Bg2 f5 7. c4 d4 8. Bg5
Nf6 9. Bxf6 Qxf6 10. Qc1 e4 11. Nfd2 Bd6 12. Nb3 g5 13. c5 Bc7 14. Na3 a6 15.
Nc4 h6 16. Qd2 O-O 17. h4 g4 18. Nb6 Bxb6 19. cxb6 Qd6 20. O-O Be6 21. Qxh6 Rf7
22. Rac1 Rh7 23. Qg5+ Rg7 24. Qd2 Bxb3 25. axb3 Ne5 26. Rfd1 d3 27. Qc3 Qe6 28.
exd3 Nxd3 29. Rc2 Qxb6 30. Qc4+ Kh8 31. Qc3 Kh7 32. Rcd2 Rd8 33. Qc2 Rgd7 34.
Qc3 Qd4 35. Qxd4 Rxd4 36. Bf1 Kg6 37. Be2 Kf6 38. Kg2 Ke5 39. Bxd3 Rxd3 40.
Rxd3 exd3 41. h5 Ke4 42. h6 d2 43. Kf1 Kd3 44. Kg2 Ke2 45. Rh1 d1=Q 46. Rxd1
Kxd1 47. f3 gxf3+ 48. Kxf3 Kc2 49. Kf4 Kxb3 50. Kxf5 Kxb2 51. g4 a5 52. g5 a4
53. g6 a3 54. g7 a2 55. h7 a1=Q 56. g8=Q Qb1+ 57. Ke5 Qe1+ 58. Kf6 Qc3+ 59. Kf5
Qc5+ 60. Kf6 Rd6+ 61. Kf7 Qc7+ 62. Kf8 Rd8# 0-1

[Event "Junior Online 4NCL Division 2"]
[Site "online"]
[Date "2020.06.04"]
[Round "8.72"]
[White "Nagda, Maanav"]
[Black "Ball, Charlie"]
[Result "1-0"]
[WhiteElo "1600"]
[BlackElo "1540"]
[PlyCount "65"]
[EventDate "2020.06.04"]
[WhiteTeam "Watford 1"]
[BlackTeam "St Albans Early Knights 1"]

1. d4 d5 2. Nc3 Nf6 3. Bg5 Bf5 4. Bxf6 exf6 5. e3 c6 6. Bd3 Bxd3 7. Qxd3 Bd6 8.
Nf3 O-O 9. O-O Re8 10. Rfe1 Na6 11. a3 Nc7 12. e4 dxe4 13. Nxe4 Bf8 14. c3 Nd5
15. Ng3 Qc7 16. Qd2 Bd6 17. Ne4 Bf4 18. Qc2 Re7 19. Nc5 Rae8 20. Nd3 Rxe1+ 21.
Rxe1 Rxe1+ 22. Ndxe1 g5 23. h3 h5 24. Qf5 Ne7 25. Qxf6 Nd5 26. Qf5 Ne7 27. Qe4
f5 28. Qe6+ Kg7 29. Ne5 Bxe5 30. dxe5 Qd8 31. Qf6+ Kg8 32. Qxg5+ Kf8 33. Qh6+
1-0

[Event "Junior Online 4NCL Division 2"]
[Site "online"]
[Date "2020.06.04"]
[Round "8.73"]
[White "Petcov, Andreas"]
[Black "Holland, Gabriella"]
[Result "1-0"]
[WhiteElo "1442"]
[BlackElo "1570"]
[PlyCount "115"]
[EventDate "2020.06.04"]
[WhiteTeam "St Albans Early Knights 1"]
[BlackTeam "Watford 1"]

1. e4 e6 2. Nf3 d5 3. exd5 exd5 4. d4 Nf6 5. Nc3 Bb4 6. a3 Ba5 7. b4 Bb6 8. Bb2
O-O 9. Bd3 Bg4 10. O-O Bxf3 11. Qxf3 Bxd4 12. Rad1 Nc6 13. Bb5 Bxc3 14. Bxc3 a6
15. Bd3 Re8 16. Bxf6 Qxf6 17. Qh5 h6 18. Qxd5 Rad8 19. Qb3 Nd4 20. Qc4 Qg5 21.
f4 Qe7 22. Rfe1 Qd6 23. Rxe8+ Rxe8 24. c3 Nc6 25. Bh7+ Kxh7 26. Rxd6 cxd6 27.
Qd3+ Kg8 28. Qxd6 Re3 29. Qc7 Rxc3 30. Qxb7 a5 31. b5 Nd4 32. Qa8+ Kh7 33. Qe4+
g6 34. Qxd4 Rxa3 35. b6 Rb3 36. Qc4 Rxb6 37. Qxf7+ Kh8 38. Qe8+ Kg7 39. Qe7+
Kg8 40. Qd8+ Kf7 41. Qxb6 a4 42. Qa7+ Kf6 43. Qxa4 g5 44. fxg5+ hxg5 45. Qa5
Kg6 46. g4 Kh6 47. Qa6+ Kg7 48. Qe6 Kh7 49. Qf6 Kg8 50. Qxg5+ Kh7 51. Qe5 Kg6
52. Qf5+ Kh6 53. g5+ Kh5 54. g6+ Kh6 55. Kg2 Kg7 56. Qf4 Kg8 57. Qf7+ Kh8 58.
Qh7# 1-0

[Event "Junior Online 4NCL Division 2"]
[Site "online"]
[Date "2020.06.04"]
[Round "8.74"]
[White "Morrell, Sean"]
[Black "Petcov, Nichiforos"]
[Result "1-0"]
[WhiteElo "1480"]
[BlackElo "1427"]
[PlyCount "33"]
[EventDate "2020.06.04"]
[WhiteTeam "Watford 1"]
[BlackTeam "St Albans Early Knights 1"]

1. e4 e5 2. Nf3 Nc6 3. Bc4 Nf6 4. d4 exd4 5. O-O d6 6. Nxd4 Bg4 7. f3 Nxd4 8.
fxg4 Nc6 9. Bxf7+ Kxf7 10. g5 Ke7 11. gxf6+ gxf6 12. Nc3 Kd7 13. Qg4+ Ke8 14.
Nd5 Be7 15. Qe6 Nd4 16. Nxf6+ Kf8 17. Bh6# 1-0

[Event "Junior Online 4NCL Division 2"]
[Site "online"]
[Date "2020.06.04"]
[Round "8.75"]
[White "Dasgupta, Avyukt"]
[Black "Maton, Emily"]
[Result "0-1"]
[WhiteElo "1585"]
[BlackElo "1675"]
[PlyCount "246"]
[EventDate "2020.06.04"]
[WhiteTeam "Watford 1"]
[BlackTeam "St Albans Early Knights 1"]

1. e4 c5 2. Nc3 g6 3. d4 cxd4 4. Qxd4 Nf6 5. Bb5 a6 6. e5 Nh5 7. g4 Ng7 8. Bc4
Nc6 9. Qe4 Ne6 10. f4 b5 11. Bb3 Nc5 12. Qe3 Nxb3 13. axb3 Bb7 14. Nf3 Nb4 15.
Qe2 Bxf3 16. Qxf3 Nxc2+ 17. Kf2 Nxa1 18. Nd5 Bg7 19. Be3 Nc2 20. Bb6 Nd4 21.
Nc7+ Kf8 22. Qxa8 Qxa8 23. Nxa8 Nxb3 24. Nc7 f6 25. e6 dxe6 26. Nxe6+ Kf7 27.
f5 Rc8 28. Nc7 Nd2 29. Re1 Nc4 30. Nd5 Nxb6 31. Nxb6 Rc2+ 32. Kg3 Rxb2 33. Nd5
Rb3+ 34. Kg2 Bf8 35. Ra1 Rd3 36. Nb4 Rd6 37. Nxa6 Rb6 38. Nc5 g5 39. Ne6 b4 40.
Ra8 Bh6 41. Nd8+ Kg7 42. Ne6+ Kf7 43. Rh8 b3 44. Rxh7+ Ke8 45. Nc7+ Kd8 46. Nd5
Rb7 47. Rxh6 b2 48. Nc3 b1=Q 49. Nxb1 Rxb1 50. Rh8+ Kd7 51. Rh7 Rb3 52. h3 Kd6
53. Kf2 e6 54. Rh6 Ke5 55. fxe6 Kxe6 56. Ke2 Rg3 57. Kf2 Rb3 58. Ke2 Ke5 59.
Kf2 f5 60. gxf5 Kxf5 61. Kg2 Kf4 62. Rf6+ Ke5 63. Rg6 Kf5 64. Rg8 Rc3 65. Rf8+
Kg6 66. Rg8+ Kf5 67. Rf8+ Kg6 68. Rg8+ Kf6 69. Rf8+ Kg7 70. Ra8 Kg6 71. Ra2 Kh5
72. Rf2 Kh4 73. Rf8 Rg3+ 74. Kf2 Rxh3 75. Rg8 Kg4 76. Ke2 Rh2+ 77. Ke3 Rg2 78.
Rh8 Rg3+ 79. Ke4 Rg1 80. Rg8 Re1+ 81. Kd3 Kf4 82. Rf8+ Kg3 83. Kd2 Re7 84. Rf1
g4 85. Ra1 Kh2 86. Kd3 g3 87. Ra8 Rh7 88. Ra1 g2 89. Ra2 Kh1 90. Ra1+ g1=Q 91.
Rxg1+ Kxg1 92. Ke3 Rh2 93. Kf3 Ra2 94. Ke4 Ra3 95. Kd4 Kf2 96. Ke4 Rb3 97. Kd4
Ke2 98. Ke4 Rb4+ 99. Kd5 Ke3 100. Ke5 Rb5+ 101. Ke6 Kd4 102. Kf6 Ke4 103. Kg6
Kf4 104. Kh6 Kg4 105. Kg6 Rb6+ 106. Kf7 Kg5 107. Ke7 Kf5 108. Kd7 Ke5 109. Kc7
Rh6 110. Kb7 Kd5 111. Kc7 Rg6 112. Kb7 Kc5 113. Ka7 Kb5 114. Kb7 Rg7+ 115. Kc8
Kb6 116. Kd8 Kc6 117. Ke8 Kd6 118. Kf8 Ra7 119. Kg8 Ke6 120. Kh8 Kf6 121. Kg8
Rb7 122. Kh8 Kg6 123. Kg8 Rb8# 0-1